000 00563nam a2200145Ia 4500
008 090124s9999 xx 000 0 und d
082 _b202720
245 _a पंडित विष्णुशर्मा कृत - पंचतंत्र
250 _a2
260 _bदेशपांडे अशोक
_c1981
300 _a21
630 _a पंडित विष्णुशर्मा कृत - पंचतंत्र
730 _a पंडित विष्णुशर्मा कृत - पंचतंत्र
942 _cBOOK
999 _c184301
_d184301